Kỹ thuật quấn dây Phương pháp đơn giản, dễ hiểu
Trình bày động cơ điện; Dynamo; Máy biến thế; Máy đổi điện Transformateur; Động cơ toàn năng.
Đã lưu trong:
| Tác giả chính: | |
|---|---|
| Định dạng: | Sách |
| Năm xuất bản: |
Đồng Nai
Nxb Đồng Nai
1999
|
| Chủ đề: | |
| Tags: |
Thêm thẻ
Không có thẻ, Hãy là người đầu tiên gắn thẻ bản ghi này!
|
| LEADER | 01018nam a2200181 4500 | ||
|---|---|---|---|
| 082 | |a 621.31 |b NG527TH | ||
| 100 | |a Nguyễn Thuận | ||
| 245 | |a Kỹ thuật quấn dây |b Phương pháp đơn giản, dễ hiểu |c Nguyễn Thuận, Minh Hải | ||
| 260 | |a Đồng Nai |b Nxb Đồng Nai |c 1999 | ||
| 300 | |a 325tr. |c 21cm | ||
| 520 | |a Trình bày động cơ điện; Dynamo; Máy biến thế; Máy đổi điện Transformateur; Động cơ toàn năng. | ||
| 653 | |a Kỹ thuật | ||
| 653 | |a Kỹ thuật điện | ||
| 653 | |a Quấn dây | ||
| 942 | |2 ddc |c STK0 | ||
| 999 | |c 6054 |d 6054 | ||
| 952 | |0 0 |1 0 |2 ddc |4 0 |6 621_310000000000000_NG527TH |7 0 |8 600 |9 55443 |a qbu |b qbu |c D3 |d 2015-01-14 |g 65000 |o 621.31 NG527TH |p 5888.c1 |r 0000-00-00 |w 2015-01-14 |y STK0 |0 0 |6 621_310000000000000_NG527TH |0 0 |6 621_310000000000000_NG527TH | ||
| 952 | |0 0 |1 0 |2 ddc |4 0 |6 621_310000000000000_NG527TH |7 0 |8 600 |9 70895 |a qbu |b qbu |c D3 |d 2015-04-14 |g 65000 |o 621.31 NG527TH |p 5888.c2 |r 0000-00-00 |w 2015-04-14 |y STK0 |0 0 |6 621_310000000000000_NG527TH |0 0 |6 621_310000000000000_NG527TH | ||